Um plano de aȯ̂ para o salvamento do Projeto Nacional de Infraestrutura

Bibliographic Details
Main Author: Siqueira Neto, J. F.
Other Authors: Bercovici, Gilberto, Warde Jn︢ior, Walfrido Jorge
Format: eBook
Language:Portuguese
Published: San Pablo: Editora ContraCorrente, 2015
Subjects:
Online Access:Acceso restringido

MARC

LEADER 00000nam a22000007a 4500
005 20191015214022.0
007 cr|||| ||||
008 191015s2015 br |||||s|||| 00||0 por d
020 |a 978-85-69220-05-3 
035 |a 30516 
040 |a vLex 
090 |c 9821  |d 9821 
100 1 |a Siqueira Neto, J. F. 
245 1 0 |a Um plano de aȯ̂ para o salvamento do Projeto Nacional de Infraestrutura  |h [Recurso electrn̤ico] /  |c J. F. Siqueira Neto, Gilberto Bercovici, Walfrido Jorge Warde Jn︢ior 
256 |a Servicio en ln̕ea 
260 |a San Pablo:  |b Editora ContraCorrente,  |c 2015 
300 |a 1 recurso electrn̤ico 
506 1 |a Disponible solo en los productos indicados  |d vLex Global  |d vLex Global (Academic Edition, excluding Law Schools)  |d vLex Global (U.S. Academic Edition, Law Schools)  |d vLex Global (U.S. Academic Edition, excluding Law Schools)  |d vLex Global (Academic Edition, Law Schools) 
650 0 4 |a Derecho Pb︢lico y Administrativo  |z Brasil 
700 1 |a Bercovici, Gilberto 
700 1 |a Warde Jn︢ior, Walfrido Jorge 
740 0 |a vLex Libros (Servicio en ln̕ea) 
856 4 0 |u http://vlex.com/source/plano-a-o-salvamento-projeto-nacional-infraestrutura-30516  |z Acceso restringido 
942 |c BOOK 
999 0 |a Public and Administrative Law